000 00860nam a2200253Ia 4500
003 OSt
005 20220923222802.0
006 a|||||r|||| 00| 0
007 ta
008 220922b |||||||| |||| 00| 0 hin d
024 _a207,867
037 _cTextual
040 _aARTS
_cARTS
_bhin
041 _2hin
_ahin
082 _aO152,3N44x, N1
100 _aपुष्पा, मैत्रेयी
_9156292
245 0 _aगोमा हॅंसती है
_b चिन्हार
246 _aGomā haॅansatī hai: chinhāra
260 _aदिल्ली
_b आर्य प्रकाशन मंडल
_c1991
300 _a163पृ.
_ccm.
650 _aहिन्दी साहित्य
_9156264
942 _hO152,3N44x, N1
_cTEXL
_2CC
999 _c358484
_d358484